Регионална библиотека "Любен Каравелов" - Русе

Практически въпроси на собствеността (Запис номер 131549)

MARC детайли
000 -Лидер
Контролно поле с фиксирана дължина 03049nam a2200457 c 4500
003 - Код на организацията, давaща контролен номер
Контролно поле BLK
005 - Дата и час на последна редакция
Контролно поле 20210310170015.0
008 - Елементи от данни с фиксирана дължина
fixed length control field 180409b bul|||||r ||||||| ||bul||
010 ## - Наследен системен номер
LC control number KNG00137372000
020 ## - Международен стандартен номер на книга ISBN
Международен стандартен номер на книга ISBN 978-954-608-200-8
-- издат.: Труд и право
040 ## - Източник на каталожния запис
Идентификатор на билиотеката - собственик на записа BLK
041 ## - Код за език
Код за езика на текст/звукозапис или на отделно заглавие Български
Код за езика КДБФ Български
072 #7 - Код за тематичната категория
Код организация bullib
Код за тематична категория Н34
Текст Право Н
080 ## - УДК
Текстов определител УДК Собственост. Приватизация и реституция (правни проблеми) -Придобиване, прехвърляне, загуба на собственост, съсобственост, ограничаване на правото на собственост и др.
УДК код - определител по УДК 347.23
УДК определител (497.2)
УДК - код + определител 347.23(497.2)
080 ## - УДК
Текстов определител УДК Правни проблеми на организация на една територия. . Подразделя се със знака за съотношение
УДК код - определител по УДК 349.44
УДК определител (497.2)
УДК - код + определител 349.44(497.2)
080 ## - УДК
Текстов определител УДК Поземлена собственост. Земевладение. - Само със стопански и обществено-политически характер. Вж и 347. 21;528;55;631. 4;71;72
УДК код - определител по УДК 332.2
УДК определител .000.34(497.2)
УДК - код + определител 332.2.000.34(497.2)
100 1# - Редна дума - Автор
Автор Георгиев, Александър
Авторска отговорност първи автор
R(LIN) 272590
139 ## - Редно поле
Редна дума Георгиев, Александър
Авторски знак Георгиев - Г 37
245 10 - Сведения за заглавието
Заглавие Практически въпроси на собствеността
Подзаглавни данни Проблеми на гражданския и търговския оборот : Коментар на нормативната уредба, казуси и правни решения, анализ на съдебната практика
Редно поле (дума) Александър Георгиев.
250 ## - Област на изданието
Сведения за изданието 2. прераб. и доп. изд.
257 ## - Страна на издаване
Страна на създаване/издаване България
260 ## - Област на издателските данни
-- София
Име на издателя, разпространителя и проч. Труд и право
Година на издаване 2012
Печатница Костинброд : Мултипринт
300 ## - Физическа характеристика
Страници 528 с.
Илюстрации и др. с табл.
Размери/Мащаб 21 см
380 ## - Жанр
Жанр Обществени науки
500 ## - Общи забележки
Забележка Офс. изд. - Указател на разглежданите в казусите нормативни текстове, Указател на включените в книгата резюмета на актове на съдебната практика.
650 #4 - Допълнително описание по предмет – тема
Основно описание – тема или топоним Недвижима собственост - България - правни въпроси
9 (RLIN) 252359
650 #4 - Допълнително описание по предмет – тема
Основно описание – тема или топоним Собственост - България - правни въпроси
9 (RLIN) 243448
650 #4 - Допълнително описание по предмет – тема
Основно описание – тема или топоним Поземлена собственост - България - правни въпроси
9 (RLIN) 249093
650 #4 - Допълнително описание по предмет – тема
Основно описание – тема или топоним България - право и правосъдие
9 (RLIN) 242780
651 #4 - Допълнително описание по предмет - топоним
Географско понятие България
9 (RLIN) 241624
653 ## - Ключова дума – ненормативна
Ключова дума недвижима собственост
653 ## - Ключова дума – ненормативна
Ключова дума поземлена собственост
653 ## - Ключова дума – ненормативна
Ключова дума собственост
653 ## - Ключова дума – ненормативна
Ключова дума правни проблеми
659 ## - Тематичен бюлетин
Тематичен бюлетин Н
852 ## - Местоположение
Форматна сигнатура Цб 257475
856 4# - Електронен адрес и достъп
Електронен формат pdf - файл
Път до файла /url/
856 4# - Електронен адрес и достъп
Електронен формат pdf - файл
Път до файла /url/
942 ## - АРТИКУЛИ
Вид на библиотечния материал Книги
Скрит в OPAC Не
Koha issues (borrowed), all copies 1
944 ## - СЪЗДАВАНЕ И РЕДАКЦИЯ на ЗАПИСА
Създаване/Редакция Създаване
Дата на регистрацията/редакция 15.12.2012
Статус, дата на статуса ф /
Служител, извършил регистрацията/редакцията Пенка_Димитрова
944 ## - СЪЗДАВАНЕ И РЕДАКЦИЯ на ЗАПИСА
Създаване/Редакция Редакция
Дата на регистрацията/редакция 17.10.2017
Статус, дата на статуса ф /
Служител, извършил регистрацията/редакцията Виолета_Тройчева
999 ## - СИСТЕМНИ КОНТРОЛНИ НОМЕРА
Koha biblionumber 131549
Koha biblioitemnumber 131549
Наличности
Код за отписване Код за изгубен артикул Код за повреда Коз за рестрикции Код за отдаване Артикулен № Име на библиотеката - собственик Име на библиотеката, в която се намира в момента Статус (Текущо местоположение) Дата на вписване в системата Местоположение - отдел Цена в лева Инвентарен номер Систематично азбучна сигнатура Баркод Номер на екземпляра Цена в евро Служебна бележка Служебен тип на артикула
  Не е изгубен Не е повреден без рестрикции ползва се в читалня 214632 Регионална библиотека "Любен Каравелов" Русе Регионална библиотека "Любен Каравелов" Русе Читалня 2012-12-16 Читалня 28.80 120000762483 Ч 347/Г 37 120000762483 1 14.73 Дост: Pk Вид: Ф N: 336 Дата: 10.12.2012 Дата инв: 29.03.2017 Бележки инв: Ч2017 Книги
  Не е изгубен Не е повреден без рестрикции ползва се в читалня 214633 Регионална библиотека "Любен Каравелов" Русе Регионална библиотека "Любен Каравелов" Русе Хранилище 2014-03-06 Хранилище 28.80 120000775064 Цб 257475 120000775064 2 14.73 Дост: Dp Вид: Д N: 9 Дата: 06.03.2013 Книги
Vip Innovations Ltd, Rousse, Bulgaria 2025